| 000 | 00724nam a22001937a 4500 | ||
|---|---|---|---|
| 003 | NUST-PNEC | ||
| 005 | 20170116180719.0 | ||
| 008 | 141023b xxu||||| |||| 00| 0 eng d | ||
| 020 | _a0004332466 | ||
| 040 | _cPNEC | ||
| 082 | _a423 HAN | ||
| 100 |
_9786 _aHanks Patrick |
||
| 245 |
_aThe Collins paperback thesaurus in A-Z form. _cPatrick Hanks |
||
| 250 | _a2nd ed | ||
| 260 |
_aGlasgow : _bCollins, _cc.1990 |
||
| 300 |
_a712 p. ; _c20 cm. |
||
| 500 | _ahttp://www.amazon.com/Collins-Paperback-Thesaurus-In-Form/dp/0004332466/ref=sr_1_1?ie=UTF8&qid=1414059257&sr=8-1&keywords=0004332466 https://www.worldcat.org/title/collins-paperback-thesaurus-in-a-z-form/oclc/20933910&referer=brief_results | ||
| 942 |
_2ddc _cBK |
||
| 999 |
_c61285 _d61285 |
||